Влияние упругих деформаций оси ротора на характер движения гироскопа; Ленинградский ин-т авиационного приборостроения. Труды; Вып. 40

Λεπτομέρειες βιβλιογραφικής εγγραφής
Parent link:Ленинградский ин-т авиационного приборостроения. Труды
Вып. 40.— 1963.— С. 52-57
Κύριος συγγραφέας: Камашев Ю. М.
Γλώσσα:Ρωσικά
Έκδοση: 1963
Θέματα:
Μορφή: Κεφάλαιο βιβλίου
KOHA link:https://koha.lib.tpu.ru/cgi-bin/koha/opac-detail.pl?biblionumber=590844

MARC

LEADER 00000naa0a2200000 4500
001 590844
005 20250103161224.0
035 |a (RuTPU)RU\TPU\tpu\391 
035 |a TPU00000391 
090 |a 590844 
100 |a 20011210d1963 k||y0rusy50 ca 
101 0 |a rus 
102 |a RU 
200 1 |a Влияние упругих деформаций оси ротора на характер движения гироскопа  |f Ю. М. Камашев 
320 |a Библиогр.: 5 назв. 
461 |t Ленинградский ин-т авиационного приборостроения. Труды 
463 |t Вып. 40  |v С. 52-57  |d 1963 
610 1 |a механика 
610 1 |a гидромеханика 
610 1 |a аэромеханика 
610 1 |a труды учёных ТПУ 
700 1 |a Камашев  |b Ю. М. 
801 0 |a RU  |b 63413507  |c 20011210  |g PSBO 
801 2 |a RU  |b 63413507  |c 20050523  |g PSBO 
942 |c CR